Central Library OPAC University of Rajshahi

Chapter exercises and tests to accompany Measurement in today's schools / (Record no. 52826)

MARC details
000 -LEADER
fixed length control field 00655nam a2200217 a 4500
001 - CONTROL NUMBER
control field 52826
003 - CONTROL NUMBER IDENTIFIER
rucl marc code BD-RjUL
005 - DATE AND TIME OF LATEST TRANSACTION
control field 20211209075851.0
008 - FIXED-LENGTH DATA ELEMENTS--GENERAL INFORMATION
fixed length control field 160927r19471953enk||||| |||| 00| 0 eng d
035 ## - SYSTEM CONTROL NUMBER
System control number (BD-RjUL) 52946
040 ## - CATALOGING SOURCE
Original cataloging agency BD-RjUL
Language of cataloging eng
Transcribing agency BD-RjUL
041 ## - LANGUAGE CODE
Language code of text/sound track or separate title eng
082 ## - DEWEY DECIMAL CLASSIFICATION NUMBER
Edition number 23
Classification number 371.26
Author mark and year ROC 1953
100 ## - MAIN ENTRY--PERSONAL NAME
Personal name Ross, C C
9 (RLIN) 157973
245 10 - TITLE STATEMENT
Title Chapter exercises and tests to accompany Measurement in today's schools /
Statement of responsibility, etc. C C Ross
250 ## - EDITION STATEMENT
Edition statement 2nd edi.
260 ## - PUBLICATION, DISTRIBUTION, ETC. (IMPRINT)
Place of publication, distribution, etc. New York :
Name of publisher, distributor, etc. Prentice-Hall,
Date of publication, distribution, etc. 1947 [printing 1953]
300 ## - PHYSICAL DESCRIPTION
Pagination vi, 74 p. ;
Size 28 cm
650 ## - SUBJECT ADDED ENTRY--TOPICAL TERM
Topical term or geographic name as entry element Educational tests and measurements
9 (RLIN) 157974
942 ## - ADDED ENTRY ELEMENTS (KOHA)
Source of classification or shelving scheme Dewey Decimal Classification
Koha item type Books
Holdings
Lost status Source of classification or shelving scheme Damaged status Not for loan Collection code Permanent Location Current Location Shelving location Date acquired Source of acquisition Total Checkouts Full call number Date last seen Copy number Koha item type
  Dewey Decimal Classification     Non-fiction Central Library, University of Rajshahi Central Library, University of Rajshahi   17/12/1955 Asia foundation   371.26 ROC 1953 27/09/2016 C-2 Books